Валерій Шевчук: "Мав дерзновення бути самим собою" (Запис № 580916)

МАРК-запис
000 -Лідер
fixed length control field 01114 a2200241 4500
003 - Ідентифікатор контрольного номера
control field UA-OsUOA
005 - Дата та час останнього входження (трансакції)
control field 20260629155037.0
008 - Елементи даних фіксованої довжини – загальна інформація
fixed length control field 260622b un ||||| |||| 00| 0 ukr d
020 ## - Міжнародний стандартний книжковий номер (ISBN)
Міжнародний стандартний книжковий номер (ISBN) (НП) 96675475
040 ## - Джерело каталогізації
Мова каталогізації ukr
Агенція, яка здійснювала перезапис UA-OsUOA
041 ## - Код мови
Код мови тексту/ звукової доріжки чи окремого заголовка (П) ukr
080 ## - Індекс Універсальної десяткової класифікації
Індекс Універсальної десяткової класифікації (УДК) (НП) 929
090 ## - Локальний шифр розміщення
Класифікаційний індекс УДК 929
Авторський знак (НП) Ш37
110 ## - Наймення організації – загальна інформація
Найменування колективу або юрисдикції як початковий елемент введення Міністерство культури і мистецтв України
Структурний підрозділ Національна Парламентська бібліотека України
-- Інститут літератури ім. Т. Шевченка НАН України
9 (RLIN) 25633
245 ## - Відомості про назву
Назва (НП) Валерій Шевчук: "Мав дерзновення бути самим собою"
Решта назви (НП) біобібліографічний нарис
Дані про відповідальність (НП) Л. Б. Тарнашинська
260 ## - Публікація, розповсюдження і т.п. (Вихідні дані)
Місце публікації, розповсюдження і т.п. (П) К.
Ім’я/ наймення видавництва, розповсюджувача і т.п. (П) НПБУ
Дата публікації, розповсюдження і т.п. (П) 2002
300 ## - Фізичний опис
Обсяг 112 с.
650 ## - Додаткове предметне введення – тематичний термін
Тематичний термін чи географічна назва, як елемент введення (НП) 929 Біографічні дослідження
9 (RLIN) 1571
700 1# - Додаткове введення – ім'я особи
Ім’я особи (НП) Тарнашинська Л. Б.
9 (RLIN) 25634
942 ## - Додаткові елементи входу (Коха)
Тип елемента Koha Книги
Source of classification or shelving scheme Universal Decimal Classification
955 ## - Код типу видання за змістом
Код типу видання за змістом (НП) Наукові видання
Фонди
Стан вилучень Стан втрат Джерело класифікації або схеми стелажів Стан уражень Не для кредиту Код колекції Постійне місце розташування Поточне розміщення Дата придбання Джерело придбання Вартість, звичайна ціна покупки Усього замовленно Повний номер виклику Штрих-код Дата останнього перегляду Ціна ефективна від Тип елемента Koha
    Universal Decimal Classification     Колекція Шевчука Валерія АБ - Абонемент НБ АБ - Абонемент НБ 22/06/2026 №32/18.06.2026 20.00   929 Ш37 170145 22/06/2026 22/06/2026 Книги